01071nab a22002177a 4500003000400000005001700004008004100021040000700062100002800069245012800097260007300225300001400298500007100312505016200383505008900545650002900634650001200663650002400675650002200699773013200721OSt20251226212529.0190603e xxum|||| |||| 00| 0 spa d cPJ aDi Lella, Nicolás J. 10aPersona humana vulnerable sobreendeudada. Cuestiones actuales jurisdiccionales y administrativas /cNicolás J. Di Lella.  cCiudad Autónoma de Buenos Aires :aThomson Reuters La Ley, b2025. ap. 77-106 aCita: TR LALEY AR/DOC/1078/2025 Publicado en: RCCyC 2025 (junio). aSumario: I. Preliminar.— II. Cuestiones jurisdiccionales.— III. Faceta administrativa.— IV. Consideraciones finales. Urgente necesidad de una reforma.  t¿Te interesa el texto completo? Solicitalo al correo: koha@justierradelfuego.gov.ar 0aCODIGO CIVIL Y COMERCIAL 0aQUIEBRA 0aCONCURSO PREVENTIVO 0aDERECHO CONCURSAL0 02713dCiudad Autónoma de Buenos Aires : Thomson Reuters La Ley, 2015-tRevista Código Civil y Comercial. Nº 3 - Junio 2025